[Event "Frauen Europameisterschaft"]
[Site "Dresden"]
[Date "2004.03.24"]
[Round "4.28"]
[White "Sharevich, A."]
[Black "Olarasu, G."]
[Result "1-0"]
[WhiteElo "2236"]
[BlackElo "2311"]
[PlyCount "171"]
[EventDate "2004.03.20"]

1. d4 d5 2. Nf3 c6 3. c4 Nf6 4. Nbd2 Bf5 5. g3 e6 6. Bg2 Be7 7. O-O O-O 8. b3
Nbd7 9. Nh4 Bg4 10. h3 Bh5 11. g4 Bg6 12. Nxg6 hxg6 13. Bb2 Qb8 14. f4 c5 15.
e3 cxd4 16. Bxd4 Qd6 17. cxd5 Nxd5 18. Nc4 Qc7 19. Rc1 Rac8 20. Qd2 Qb8 21. Ne5
Rxc1 22. Rxc1 Nxe5 23. Bxe5 Bd6 24. Bb2 Rd8 25. Bxd5 exd5 26. Qd4 Bf8 27. Qe5
Qd6 28. Qxd6 Bxd6 29. Bd4 a6 30. Bb6 Rd7 31. Rc8+ Kh7 32. Kf2 f6 33. Kf3 g5 34.
f5 Be5 35. Rd8 Re7 36. Rxd5 g6 37. Bd4 Bxd4 38. Rxd4 Kg7 39. Rd6 Kf7 40. a4 Rc7
41. b4 gxf5 42. gxf5 Ke7 43. Rb6 Kf7 44. Rd6 Ke7 45. Re6+ Kf7 46. a5 Kg7 47.
Rb6 Kf7 48. Ke4 Rd7 49. b5 axb5 50. Rxb5 Kg7 51. Rd5 Re7+ 52. Kd4 Kf7 53. e4
Rc7 54. Rd6 Re7 55. Rb6 Kg7 56. Re6 Rd7+ 57. Kc5 Kf7 58. Rd6 Re7 59. Rd4 Kg7
60. Kb6 Kh6 61. Rd6 Kg7 62. Re6 Rd7 63. e5 fxe5 64. Rxe5 Kf6 65. Rc5 Rh7 66.
Rb5 Rd7 67. Ka7 Rh7 68. Kb8 Rxh3 69. Kxb7 Rh7+ 70. Kb6 g4 71. a6 Kg5 72. a7 Rh8
73. Kb7 Rh7+ 74. Ka6 Rh8 75. Rb8 Rh1 76. a8=Q Ra1+ 77. Kb5 Rxa8 78. Rxa8 Kxf5
79. Kc4 Ke4 80. Re8+ Kf3 81. Kd3 g3 82. Rf8+ Kg2 83. Ke2 Kg1 84. Rg8 g2 85. Kf3
Kh1 86. Kf2 1-0

[Event "Frauen Europameisterschaft"]
[Site "Dresden"]
[Date "2004.03.24"]
[Round "4.30"]
[White "Nill, J."]
[Black "Shmirina, G."]
[Result "1-0"]
[WhiteElo "2246"]
[BlackElo "2120"]
[PlyCount "109"]
[EventDate "2004.03.20"]

1. d4 d5 2. c4 e6 3. Nc3 Nf6 4. Bg5 Be7 5. Nf3 O-O 6. e3 h6 7. Bxf6 Bxf6 8. Qc2
dxc4 9. Bxc4 c5 10. O-O cxd4 11. exd4 Nd7 12. Rad1 Nb6 13. Bb3 Nd5 14. Qe4 Nxc3
15. bxc3 Qc7 16. c4 Bd7 17. h4 Bc6 18. d5 exd5 19. cxd5 Bd7 20. Rc1 Qd6 21. Bc2
g6 22. Qe3 Bg7 23. h5 Bg4 24. hxg6 fxg6 25. Nd4 Bxd4 26. Qxd4 Bf5 27. Bb3 Kh7
28. Rc3 a6 29. Re1 Rfe8 30. Rce3 Bd7 31. Bc2 Rxe3 32. fxe3 Bb5 33. e4 Rf8 34.
e5 Qa3 35. Bb3 a5 36. e6 Qd6 37. e7 Rf4 38. Qe3 Rh4 39. Bd1 Qh2+ 40. Kf2 Rf4+
41. Bf3 Be8 42. d6 Rxf3+ 43. Qxf3 Qxd6 44. Kg1 Qc5+ 45. Qf2 Qh5 46. Re3 Qd1+
47. Qe1 Qd4 48. Kh2 Qg4 49. Rf3 Qh5+ 50. Rh3 Qd5 51. Qe3 h5 52. Rf3 Qxa2 53.
Qe5 Qa4 54. Rf8 g5 55. Qh8+ 1-0

[Event "Frauen Europameisterschaft"]
[Site "Dresden"]
[Date "2004.03.24"]
[Round "4.31"]
[White "Zakurdjaeva, I."]
[Black "Meissner, C."]
[Result "1-0"]
[WhiteElo "2244"]
[BlackElo "2146"]
[PlyCount "65"]
[EventDate "2004.03.20"]

1. e4 c5 2. Nf3 d6 3. d4 cxd4 4. Nxd4 Nf6 5. Nc3 a6 6. Be3 e6 7. f3 Nc6 8. Qd2
Be7 9. O-O-O O-O 10. g4 Nd7 11. f4 Nxd4 12. Bxd4 b5 13. Bg2 Rb8 14. h4 Qa5 15.
Kb1 b4 16. Ne2 e5 17. Ba7 Rb5 18. Bf2 Qc7 19. f5 Bb7 20. g5 Rc8 21. f6 Bf8 22.
fxg7 Bxg7 23. Ng3 Nb6 24. Bxb6 Rxb6 25. Bh3 Rd8 26. Bf5 d5 27. Nh5 a5 28. Nf6+
Bxf6 29. gxf6 Rxf6 30. Qg5+ Rg6 31. Bxg6 fxg6 32. h5 Rd6 33. Qxe5 1-0

[Event "Frauen Europameisterschaft"]
[Site "Dresden"]
[Date "2004.03.24"]
[Round "4.32"]
[White "Mammadova, N."]
[Black "Zimina, O."]
[Result "0-1"]
[WhiteElo "2104"]
[BlackElo "2408"]
[PlyCount "134"]
[EventDate "2004.03.20"]

1. Nf3 d5 2. c4 c6 3. b3 Bg4 4. g3 Nd7 5. Bg2 e6 6. Bb2 Ngf6 7. O-O Bd6 8. d3
O-O 9. Nbd2 Qe7 10. a3 a5 11. Ra2 e5 12. cxd5 cxd5 13. e4 Nc5 14. Qb1 d4 15.
Nc4 Nfd7 16. Bc1 b5 17. Nxa5 Rxa5 18. b4 Ra7 19. bxc5 Nxc5 20. Bd2 Be6 21. Rb2
Bd7 22. Bb4 Na4 23. Rc2 f6 24. Qb3+ Be6 25. Qb1 Bxb4 26. Qxb4 Qxb4 27. axb4 Nc3
28. Nd2 Rfa8 29. Nb1 Na2 30. Rc5 Nxb4 31. Rxb5 Nxd3 32. Rd1 Bc4 33. Rb6 Ra6 34.
Rb7 Nc5 35. Rb2 Ra2 36. Rxa2 Bxa2 37. Nd2 Na4 38. Bf1 Nc3 39. Ra1 Ra4 40. f4
Kf7 41. fxe5 fxe5 42. Bd3 Ke7 43. Rf1 Be6 44. Nf3 Bh3 45. Rc1 Kf6 46. Ne1 h6
47. Nf3 Ra2 48. Re1 Rg2+ 49. Kh1 Rf2 50. Nh4 g5 51. Kg1 Rd2 52. Bf1 Bg4 53. Ng2
Bf3 54. Ra1 Ra2 55. Re1 Bxe4 56. h4 Bc6 57. hxg5+ hxg5 58. Kh2 e4 59. Bc4 Ra4
60. Rf1+ Ke5 61. Bg8 e3 62. Bh7 Ra2 63. Rf5+ Ke6 64. Rc5 Rxg2+ 65. Kh3 Bf3 66.
Rf5 g4+ 67. Kh4 Rh2+ 0-1

[Event "Frauen Europameisterschaft"]
[Site "Dresden"]
[Date "2004.03.24"]
[Round "4.33"]
[White "Mamedjarova, T."]
[Black "Muhren, B."]
[Result "0-1"]
[WhiteElo "2229"]
[BlackElo "2135"]
[PlyCount "96"]
[EventDate "2004.03.20"]

1. e4 c5 2. Nf3 e6 3. d4 cxd4 4. Nxd4 Nf6 5. Nc3 d6 6. g4 h6 7. Be3 Nc6 8. Be2
a6 9. Qd2 Nxd4 10. Qxd4 Qa5 11. Qa4+ Qxa4 12. Nxa4 Nxe4 13. Bf3 Ng5 14. Bg2 Bd7
15. Nb6 Rb8 16. h4 Nh7 17. Nxd7 Kxd7 18. g5 Be7 19. gxh6 gxh6 20. Bxh6 Nf8 21.
Bxf8 Bxf8 22. Bf3 Bg7 23. O-O-O b5 24. h5 a5 25. Rdg1 Bh6+ 26. Kb1 b4 27. Rg4
Rhc8 28. Be2 Rc5 29. Bd3 Ke7 30. Rgg1 Rbc8 31. Ba6 Rh8 32. Rh3 Rf5 33. f3 Re5
34. Rh4 Rg8 35. Rhg4 Ra8 36. Bd3 Rxh5 37. f4 Rf8 38. f5 d5 39. Re1 Bd2 40. Rf1
e5 41. Rg2 Bf4 42. c4 bxc3 43. bxc3 Rh3 44. Kc2 Rb8 45. Rd1 a4 46. c4 dxc4 47.
Be4 a3 48. f6+ Ke6 0-1

[Event "Frauen Europameisterschaft"]
[Site "Dresden"]
[Date "2004.03.24"]
[Round "4.34"]
[White "Lopatin, O."]
[Black "Jelica, M."]
[Result "0-1"]
[WhiteElo "2116"]
[BlackElo "2222"]
[PlyCount "82"]
[EventDate "2004.03.20"]

1. b4 e5 2. a3 g6 3. Bb2 Bg7 4. Nf3 d6 5. c4 Ne7 6. Qb3 O-O 7. d3 h6 8. h4 Be6
9. a4 Nbc6 10. b5 Nd4 11. Nxd4 exd4 12. Nd2 c5 13. g3 d5 14. Bg2 Qd7 15. O-O
dxc4 16. dxc4 Bh3 17. Rfd1 Bxg2 18. Kxg2 Nf5 19. Qd3 Rad8 20. Nf1 Rfe8 21. Bc1
Qe6 22. Ra2 Nd6 23. Nd2 f5 24. Ba3 Ne4 25. Nb3 b6 26. Nc1 f4 27. Rf1 Rf8 28. f3
Nxg3 29. Rg1 Rde8 30. a5 Nf5 31. h5 Ne3+ 32. Kf2 g5 33. axb6 axb6 34. Ke1 Nxc4
35. Qb3 Kh8 36. Nd3 Qe3 37. Rf1 Ne5 38. Kd1 c4 39. Qb1 cxd3 40. Bxf8 Bxf8 41.
exd3 Nxf3 0-1

[Event "Frauen Europameisterschaft"]
[Site "Dresden"]
[Date "2004.03.24"]
[Round "4.35"]
[White "Roessler, U."]
[Black "Shmirina, E."]
[Result "0-1"]
[WhiteElo "2221"]
[BlackElo "2135"]
[PlyCount "136"]
[EventDate "2004.03.20"]

1. e4 e6 2. d4 d5 3. Nc3 Bb4 4. e5 Ne7 5. a3 Bxc3+ 6. bxc3 c5 7. Nf3 Bd7 8.
dxc5 Ba4 9. Bd3 Nd7 10. Be3 Qc7 11. Rb1 Nxc5 12. Bxc5 Qxc5 13. Rxb7 Qxc3+ 14.
Qd2 Qa1+ 15. Ke2 Qxh1 16. Qb4 O-O 17. Rxe7 Bxc2 18. Bxc2 Qxg2 19. Qd4 Rac8 20.
Qd3 Qg6 21. Qxg6 hxg6 22. Bd3 Rfe8 23. Rb7 Rb8 24. Rc7 Rec8 25. Rd7 Rd8 26.
Rxd8+ Rxd8 27. Nd4 Rb8 28. Nc6 Rb7 29. a4 Rc7 30. Nd4 g5 31. Kd2 f6 32. Nxe6
Re7 33. Bf5 fxe5 34. Nxg5 g6 35. Bg4 Kg7 36. Ne6+ Kf6 37. Nc5 e4 38. Nd7+ Kg5
39. h3 d4 40. Ke2 a5 41. Nf8 Kf6 42. Nd7+ Kg5 43. Kd2 Rf7 44. Ke2 Re7 45. Nc5
Kf4 46. Nb3 d3+ 47. Kd2 Rb7 48. Bd1 Ra7 49. Nc5 Rh7 50. Bg4 Rh8 51. Ne6+ Ke5
52. Ke3 Rb8 53. Nc5 Rb4 54. f4+ Kd5 55. Nd7 Kc4 56. Kxe4 Kc3+ 57. Ke3 d2 58.
Nc5 Kc2 59. Ne4 Rb3+ 60. Kd4 d1=Q+ 61. Bxd1+ Kxd1 62. h4 Rb4+ 63. Ke5 Ke2 64.
f5 gxf5 65. Kxf5 Ke3 66. Nc5 Rxh4 67. Ke5 Rh5+ 68. Kd6 Kd4 0-1

[Event "Frauen Europameisterschaft"]
[Site "Dresden"]
[Date "2004.03.24"]
[Round "4.36"]
[White "Chilingirova, P."]
[Black "Yildiz, B."]
[Result "0-1"]
[WhiteElo "2201"]
[BlackElo "2118"]
[PlyCount "80"]
[EventDate "2004.03.20"]

1. c4 e6 2. Nf3 Nf6 3. Nc3 Bb4 4. Qc2 c5 5. a3 Bxc3 6. Qxc3 d6 7. e3 b6 8. Be2
Bb7 9. O-O O-O 10. b4 Nbd7 11. Bb2 Qe7 12. Rfd1 e5 13. d3 Ne8 14. Ne1 f5 15.
Bf1 f4 16. exf4 Rxf4 17. Bc1 Rf7 18. g3 Nc7 19. Bg2 Bxg2 20. Nxg2 Ne6 21. Be3
Raf8 22. Ra2 Nb8 23. b5 Nd7 24. a4 Nd4 25. Bxd4 exd4 26. Qd2 Ne5 27. Ne1 Ng4
28. f4 Ne3 29. Rda1 g5 30. Ng2 Nxg2 31. Qxg2 gxf4 32. Re2 Qd7 33. Re4 fxg3 34.
Rae1 Kh8 35. hxg3 Rg7 36. Rf1 Rfg8 37. Rf3 d5 38. cxd5 Qxd5 39. Kh2 Qh5+ 40.
Rh4 Qxh4+ 0-1

[Event "Frauen Europameisterschaft"]
[Site "Dresden"]
[Date "2004.03.24"]
[Round "4.37"]
[White "Skibbe, D."]
[Black "Mietzner, T."]
[Result "0-1"]
[WhiteElo "2094"]
[BlackElo "2201"]
[PlyCount "72"]
[EventDate "2004.03.20"]

1. e4 c5 2. Nf3 d6 3. d4 cxd4 4. Nxd4 Nf6 5. Nc3 a6 6. Be3 e5 7. Nb3 Be7 8. f3
Be6 9. Qd2 Nbd7 10. O-O-O b5 11. Kb1 O-O 12. g4 Nb6 13. Qf2 Nfd7 14. Nd5 Bxd5
15. exd5 Nc4 16. Bc1 Bg5 17. f4 exf4 18. h4 Bf6 19. g5 Be5 20. Bd3 a5 21. Qf3
a4 22. Nd2 Ne3 23. Rdg1 Nc5 24. Bxb5 a3 25. b3 Qa5 26. Nc4 Qxb5 27. Nxe5 dxe5
28. Bxe3 fxe3 29. Qxe3 Nd7 30. c4 Qc5 31. Qh3 Qd4 32. Rg2 Nc5 33. Qg4 Nxb3 34.
Qxd4 Nxd4 35. Re1 Rab8+ 36. Kc1 Rfc8 0-1

[Event "Frauen Europameisterschaft"]
[Site "Dresden"]
[Date "2004.03.24"]
[Round "4.38"]
[White "Andersson, C."]
[Black "Dimovski, A."]
[Result "1-0"]
[WhiteElo "2196"]
[BlackElo "2111"]
[PlyCount "135"]
[EventDate "2004.03.20"]

1. e4 e5 2. Nf3 Nc6 3. d4 exd4 4. Nxd4 Nge7 5. Bc4 Nxd4 6. Qxd4 Nc6 7. Qd5 Qf6
8. O-O Be7 9. Nc3 O-O 10. Be3 d6 11. Qd2 Qh4 12. f4 Kh8 13. Nd5 Be6 14. Be2 Bd8
15. g3 Qh3 16. Nc3 f5 17. Bf3 Bf6 18. a3 Rae8 19. Bg2 Qh5 20. Nd5 Bd8 21. Nb4
Bc4 22. Rfe1 fxe4 23. Nxc6 bxc6 24. Bxa7 Qf5 25. Bd4 Bf6 26. a4 Qd5 27. Rad1
Bxd4+ 28. Qxd4 Qxd4+ 29. Rxd4 d5 30. b3 Ba6 31. c4 Bb7 32. cxd5 cxd5 33. b4 Ra8
34. Ra1 Rfc8 35. Bh3 Rd8 36. a5 Ba6 37. Rc1 g6 38. Rxc7 e3 39. Rc1 Bc4 40. Bg4
Rab8 41. Rb1 Re8 42. Rdd1 e2 43. Rdc1 Ba2 44. Ra1 Bb3 45. a6 Bd1 46. Bxe2 Bxe2
47. a7 Ra8 48. Re1 Kg8 49. Kf2 Bb5 50. Rxe8+ Bxe8 51. Ke3 Bc6 52. Kd4 Kf7 53.
Rc1 Bd7 54. Rc7 Ke6 55. Kc5 d4 56. Kb6 Kd6 57. Rc4 Kd5 58. Rc5+ Ke4 59. Re5+
Kd3 60. Rd5 Bc6 61. Kxc6 Rxa7 62. b5 Ra3 63. b6 Rc3+ 64. Rc5 Rb3 65. b7 Ke2 66.
Rb5 Rc3+ 67. Kb6 d3 68. b8=Q 1-0

[Event "Frauen Europameisterschaft"]
[Site "Dresden"]
[Date "2004.03.24"]
[Round "4.39"]
[White "Hitzgerova, G."]
[Black "Bakalarz, G."]
[Result "1/2-1/2"]
[WhiteElo "2190"]
[BlackElo "2082"]
[PlyCount "93"]
[EventDate "2004.03.20"]

1. e4 c5 2. Nf3 e6 3. d4 cxd4 4. Nxd4 Nf6 5. Nc3 Nc6 6. Ndb5 Bb4 7. a3 Bxc3+ 8.
Nxc3 d5 9. exd5 exd5 10. Bd3 O-O 11. O-O d4 12. Ne2 Qd5 13. Nf4 Qd6 14. Nh5 Nd5
15. Qf3 Be6 16. Re1 Rfe8 17. Bd2 Rad8 18. Qg3 Qxg3 19. hxg3 f6 20. Nf4 Nxf4 21.
gxf4 Bd5 22. f3 g6 23. Kf2 Rxe1 24. Rxe1 Kf7 25. Rh1 Kg7 26. b4 Ne7 27. Re1 Kf7
28. Bc1 a6 29. a4 Be6 30. Bd2 Nf5 31. Rh1 Kg7 32. Rb1 Nd6 33. Re1 Kf7 34. b5
axb5 35. axb5 Bc4 36. b6 Rd7 37. Rb1 Bxd3 38. cxd3 Nf5 39. Rc1 Ne7 40. g3 Ke6
41. Bb4 Nc6 42. Bc5 Rd5 43. g4 Na5 44. Bb4 Nc6 45. Bc5 Na5 46. Bb4 Nc6 47. Bc5
1/2-1/2

[Event "Frauen Europameisterschaft"]
[Site "Dresden"]
[Date "2004.03.24"]
[Round "4.40"]
[White "Seps, M."]
[Black "Hamelink, D."]
[Result "0-1"]
[WhiteElo "2078"]
[BlackElo "2185"]
[PlyCount "68"]
[EventDate "2004.03.20"]

1. e4 c5 2. Nf3 d6 3. d4 cxd4 4. Nxd4 Nf6 5. Nc3 a6 6. Be3 e5 7. Nb3 Be6 8. f3
h5 9. Qd2 Nbd7 10. Nd5 Nxd5 11. exd5 Bf5 12. Na5 Qc7 13. c4 Be7 14. Be2 O-O 15.
O-O Bg6 16. b4 Rac8 17. Rac1 Rfe8 18. c5 dxc5 19. d6 Bxd6 20. Rfd1 Re6 21. Bc4
Rf6 22. Bg5 e4 23. f4 Nb6 24. Bxf6 Bxf4 25. Qc3 Nxc4 26. Nxc4 gxf6 27. Rc2 e3
28. Re2 cxb4 29. Qxf6 Qxc4 30. Ree1 e2 31. Rd8+ Rxd8 32. Qxd8+ Kg7 33. Qe7 Qe4
34. Kh1 Bd2 0-1

[Event "Frauen Europameisterschaft"]
[Site "Dresden"]
[Date "2004.03.24"]
[Round "4.41"]
[White "Lauterbach, I."]
[Black "Schulz, S."]
[Result "1-0"]
[WhiteElo "2171"]
[BlackElo "2079"]
[PlyCount "87"]
[EventDate "2004.03.20"]

1. e4 c5 2. Nc3 Nc6 3. g3 g6 4. Bg2 Bg7 5. d3 d6 6. f4 e6 7. Nf3 Nge7 8. O-O
O-O 9. Ne2 e5 10. c3 exf4 11. gxf4 f5 12. Qb3+ d5 13. e5 h6 14. d4 c4 15. Qc2
Qe8 16. b3 b5 17. a4 Ba6 18. bxc4 bxc4 19. Ba3 Qd7 20. Bd6 Na5 21. Nd2 Bb7 22.
Rfb1 Bc6 23. Rb4 Rfe8 24. Rb2 Bf8 25. Bb4 Nb7 26. a5 a6 27. Qb1 Bb5 28. Qe1 Nc6
29. Qg3 Qe6 30. Qf3 Red8 31. Bxf8 Kxf8 32. Nxc4 dxc4 33. d5 Nxe5 34. fxe5 Qxe5
35. Nf4 Rd6 36. Re2 Qf6 37. Re6 Rxe6 38. dxe6 Rb8 39. Qg3 g5 40. Ng6+ Ke8 41.
Qxb8+ Nd8 42. e7 Qxc3 43. exd8=Q+ Kf7 44. Qg8+ 1-0

[Event "Frauen Europameisterschaft"]
[Site "Dresden"]
[Date "2004.03.24"]
[Round "4.42"]
[White "Topel, Z."]
[Black "Melnikova, Y."]
[Result "1-0"]
[WhiteElo "2056"]
[BlackElo "2171"]
[PlyCount "95"]
[EventDate "2004.03.20"]

1. c4 e6 2. Nc3 d5 3. d4 c6 4. cxd5 exd5 5. Nf3 Bf5 6. Bf4 Nf6 7. e3 Bb4 8. a3
Bxc3+ 9. bxc3 Ne4 10. Rc1 Qb6 11. Nh4 Bc8 12. f3 Nf6 13. Bd3 Nh5 14. O-O Nxf4
15. exf4 O-O 16. Qc2 h6 17. g4 c5 18. dxc5 Qxc5+ 19. Kh1 Nc6 20. Rg1 d4 21. g5
h5 22. g6 f6 23. Qb3+ Kh8 24. cxd4 Qxd4 25. Qb5 Ne5 26. Be4 a6 27. Qa5 f5 28.
Rg5 fxe4 29. Rxe5 b5 30. Rxe4 Qf2 31. Qe1 Qxe1+ 32. Rcxe1 Bb7 33. Re7 Rxf4 34.
Rxb7 Rxh4 35. Ree7 Rg8 36. Ra7 b4 37. axb4 Rxb4 38. Rxa6 Rb5 39. Rae6 Rf5 40.
Re5 Rxe5 41. Rxe5 Rf8 42. Rxh5+ Kg8 43. Kg2 Rf6 44. Rg5 Kf8 45. h4 Ra6 46. h5
Rf6 47. Kg3 Re6 48. Rf5+ 1-0

[Event "Frauen Europameisterschaft"]
[Site "Dresden"]
[Date "2004.03.24"]
[Round "4.43"]
[White "Grossmann, S."]
[Black "Vasiliev, O."]
[Result "0-1"]
[WhiteElo "1977"]
[BlackElo "2156"]
[PlyCount "90"]
[EventDate "2004.03.20"]

1. e4 c5 2. d3 g6 3. g3 Bg7 4. Bg2 Nc6 5. f4 e6 6. Nf3 Nge7 7. O-O d5 8. c3 b6
9. Re1 Bb7 10. Be3 O-O 11. Bf2 Qc7 12. Na3 a6 13. e5 Rad8 14. d4 Na5 15. Qe2
cxd4 16. cxd4 b5 17. Rec1 Qb6 18. b3 b4 19. Nc2 Nac6 20. Nce1 Nc8 21. Nd3 N8a7
22. Nc5 Nb5 23. Na4 Qa7 24. Qd2 Rc8 25. Rc2 Rc7 26. Kh1 Rfc8 27. Bf1 Nxe5 28.
dxe5 Rxc2 29. Qxc2 Rxc2 30. Bxa7 Nxa7 31. Nd4 Rd2 32. Nc5 Ba8 33. Nd3 Bf8 34.
g4 Nb5 35. Nxb5 axb5 36. Ne1 Bc5 37. Rc1 d4+ 38. Bg2 Bxg2+ 39. Nxg2 d3 40. Ne1
Be3 41. Ng2 Bf2 42. h3 Rxa2 43. Kh2 Rb2 44. f5 gxf5 45. gxf5 exf5 0-1

[Event "Frauen Europameisterschaft"]
[Site "Dresden"]
[Date "2004.03.24"]
[Round "4.44"]
[White "Jiretorn, E."]
[Black "Bayrak, A."]
[Result "1/2-1/2"]
[WhiteElo "2154"]
[BlackElo "1898"]
[PlyCount "81"]
[EventDate "2004.03.20"]

1. d4 d5 2. c4 c6 3. e3 Nf6 4. Nf3 Bf5 5. Nc3 e6 6. Nh4 Be4 7. f3 Bg6 8. Qb3
Qb6 9. Nxg6 hxg6 10. Bd2 Bd6 11. f4 Nbd7 12. c5 Qxb3 13. axb3 Be7 14. b4 Ng4
15. h3 Bh4+ 16. Ke2 Nf2 17. Rg1 Ne4 18. Nxe4 dxe4 19. g3 Be7 20. g4 a6 21. g5
Nf8 22. Bg2 f5 23. Rgc1 Rb8 24. Kf2 Kf7 25. Kg3 Nd7 26. h4 Rh7 27. b5 axb5 28.
Ra7 Rhh8 29. Rca1 Bd8 30. Bf1 Bc7 31. Be2 Nf8 32. Bc3 Nd7 33. R1a2 Nf8 34. Ra1
Nd7 35. R1a3 Nf8 36. Rb3 Nd7 37. Rba3 Nf8 38. Ba5 Bxa5 39. R3xa5 Nd7 40. b4 Ke7
41. Ra1 1/2-1/2

[Event "Frauen Europameisterschaft"]
[Site "Dresden"]
[Date "2004.03.24"]
[Round "4.45"]
[White "Acar, G."]
[Black "Czaeczine, A."]
[Result "0-1"]
[WhiteElo "1888"]
[BlackElo "2153"]
[PlyCount "72"]
[EventDate "2004.03.20"]

1. e4 c5 2. c3 Qa5 3. Bc4 Nc6 4. Nf3 Nf6 5. e5 d5 6. exd6 e6 7. d4 cxd4 8. Nxd4
Qe5+ 9. Qe2 Qxe2+ 10. Nxe2 Bxd6 11. Nd2 O-O 12. Nb3 Ne5 13. Nd2 Rd8 14. f4 Nxc4
15. Nxc4 Bc5 16. b4 Be7 17. Ne5 Ne4 18. Be3 f6 19. Nf3 Bd7 20. Nd2 Nxd2 21.
Bxd2 Bb5 22. Nd4 Bc4 23. Nc2 a5 24. Ne3 Bd3 25. Nd1 Bc4 26. a3 axb4 27. cxb4
Rd4 28. Nf2 Bd5 29. Be3 Rxb4 30. O-O Rb3 31. Bc1 Bxa3 32. Bxa3 Rbxa3 33. Rac1
Ra2 34. Rc5 Rd2 35. g3 Bc6 36. Rcc1 Raa2 0-1

[Event "Frauen Europameisterschaft"]
[Site "Dresden"]
[Date "2004.03.24"]
[Round "4.47"]
[White "Partac, E."]
[Black "Cinar, N."]
[Result "1-0"]
[WhiteElo "2230"]
[BlackElo "2092"]
[PlyCount "75"]
[EventDate "2004.03.20"]

1. e4 c5 2. Nf3 a6 3. Nc3 Nc6 4. g3 d6 5. Bg2 g6 6. O-O Bg7 7. d3 Nf6 8. h3 O-O
9. Nh4 Rb8 10. f4 Bd7 11. Be3 Nd4 12. Kh2 b5 13. Ne2 Nxe2 14. Qxe2 Ne8 15. c3
b4 16. c4 Nc7 17. f5 a5 18. Rf2 a4 19. Raf1 a3 20. b3 Ne8 21. Qd2 Bc3 22. Qc1
Bb2 23. Rxb2 axb2 24. Qxb2 Nf6 25. Bh6 Re8 26. g4 Qa5 27. g5 Nh5 28. Bf3 Qa3
29. Qb1 Ra8 30. Rf2 e5 31. Bxh5 gxh5 32. g6 hxg6 33. fxg6 fxg6 34. Qg1 Re6 35.
Nxg6 Kh7 36. Nf8+ Kxh6 37. Nxe6 Bxe6 38. Rf6+ 1-0

[Event "Frauen Europameisterschaft"]
[Site "Dresden"]
[Date "2004.03.24"]
[Round "4.48"]
[White "Karahaliou, E."]
[Black "Von Herman, B."]
[Result "1/2-1/2"]
[WhiteElo "2132"]
[BlackElo "2066"]
[PlyCount "39"]
[EventDate "2004.03.20"]

1. e4 e5 2. Nf3 Nc6 3. Bb5 Nf6 4. O-O Nxe4 5. d4 Nd6 6. Bxc6 dxc6 7. dxe5 Nf5
8. Qxd8+ Kxd8 9. c3 c5 10. Bf4 h6 11. Na3 a6 12. Rfd1+ Ke8 13. e6 Bxe6 14. Bxc7
Rc8 15. Bf4 Rd8 16. b3 Bd6 17. Bxd6 Nxd6 18. Re1 Ke7 19. Ne5 Rhe8 20. Re2
1/2-1/2

[Event "Frauen Europameisterschaft"]
[Site "Dresden"]
[Date "2004.03.24"]
[Round "4.49"]
[White "Apanaviciute, K."]
[Black "Fuchs, A."]
[Result "1/2-1/2"]
[WhiteElo "2041"]
[BlackElo "2099"]
[PlyCount "157"]
[EventDate "2004.03.20"]

1. e4 c5 2. Nc3 Nc6 3. g3 g6 4. Bg2 Bg7 5. d3 e6 6. Nge2 Nge7 7. Be3 b6 8. O-O
d5 9. exd5 exd5 10. d4 Ba6 11. Re1 Rc8 12. dxc5 O-O 13. Nxd5 Nxd5 14. Qxd5 Qxd5
15. Bxd5 Nb4 16. Bb3 bxc5 17. Nc3 c4 18. Ba4 Bb7 19. a3 Nd5 20. Nxd5 Bxd5 21.
Rad1 Bf3 22. Rd7 Bxb2 23. Bxa7 Bg4 24. Rb7 Bxa3 25. Bd7 Bxd7 26. Rxd7 Rfd8 27.
Red1 Rxd7 28. Rxd7 Bc5 29. Bxc5 Rxc5 30. c3 Kg7 31. Rd4 g5 32. f4 g4 33. Kf2
Ra5 34. Ke3 Ra2 35. Rd2 Ra4 36. Kd4 Kf6 37. Kc5 Kf5 38. Re2 h5 39. Kb5 Ra1 40.
Kxc4 h4 41. Re5+ Kf6 42. Rg5 h3 43. Rxg4 Ra2 44. Rh4 Rxh2 45. Rh5 Ke6 46. Kc5
Rc2 47. Rxh3 Rxc3+ 48. Kd4 Ra3 49. Rh6+ Kf5 50. Rh5+ Kf6 51. Rg5 Ke6 52. Re5+
Kf6 53. g4 Rg3 54. g5+ Kg6 55. Ke4 Rg1 56. Rd5 Re1+ 57. Kf3 Rf1+ 58. Ke3 Kg7
59. Rd6 Re1+ 60. Kf2 Re4 61. Kf3 Re1 62. Kg4 Rg1+ 63. Kf5 Rg2 64. Rd4 Rg1 65.
Ke5 Re1+ 66. Kf5 Rf1 67. Rd7 Rg1 68. Ke4 Re1+ 69. Kf3 Rf1+ 70. Kg3 Kg6 71. Rd6+
Kg7 72. Rf6 Ra1 73. Rb6 Rf1 74. Rb2 Kg6 75. Rf2 Rg1+ 76. Rg2 Rf1 77. Rb2 Ra1
78. Rb6+ Kg7 79. Kf3 1/2-1/2

[Event "Frauen Europameisterschaft"]
[Site "Dresden"]
[Date "2004.03.24"]
[Round "4.50"]
[White "Horn, E."]
[Black "Winnicki, A."]
[Result "1/2-1/2"]
[WhiteElo "2051"]
[BlackElo "2013"]
[PlyCount "146"]
[EventDate "2004.03.20"]

1. e4 e6 2. d4 d5 3. Nc3 dxe4 4. Nxe4 Bd7 5. Nf3 Bc6 6. Bd3 Nd7 7. c3 Ngf6 8.
Nxf6+ Nxf6 9. O-O Bxf3 10. Qxf3 c6 11. Re1 Be7 12. Qg3 Bd6 13. Qxg7 Bxh2+ 14.
Kf1 Rg8 15. Qh6 Bd6 16. Bg5 Be7 17. Qh4 h6 18. Qxh6 Ng4 19. Bxe7 Qxe7 20. Qf4
O-O-O 21. Rad1 Qh4 22. Ke2 Qh5 23. Kd2 Qd5 24. g3 Qxa2 25. Ra1 Qxb2+ 26. Bc2
Qb5 27. f3 Nf2 28. Re5 Qb6 29. g4 c5 30. Rb1 Qc7 31. Ke1 Nh3 32. Qe3 cxd4 33.
cxd4 Kb8 34. Rc5 Qg3+ 35. Kd2 Qf4 36. Qxf4+ Nxf4 37. Be4 b6 38. Ke3 Nd5+ 39.
Bxd5 Rxd5 40. Rxd5 exd5 41. Rb5 Rd8 42. Kf4 Kc7 43. Ke5 Kc6 44. Rb3 a5 45. Rc3+
Kb7 46. g5 a4 47. f4 b5 48. Rc5 Kb6 49. Kf6 Rd7 50. Rc8 a3 51. Ra8 b4 52. f5
Ra7 53. Rxa7 Kxa7 54. Kxf7 a2 55. g6 a1=Q 56. g7 Qg1 57. g8=Q Qxg8+ 58. Kxg8 b3
59. f6 b2 60. f7 b1=Q 61. f8=Q Qg1+ 62. Qg7+ Qxg7+ 63. Kxg7 Kb6 64. Kf6 Kc6 65.
Ke6 Kc7 66. Kxd5 Kd7 67. Ke5 Ke7 68. d5 Kd7 69. d6 Kd8 70. Kd5 Kd7 71. Kc5 Kd8
72. Kc6 Kc8 73. d7+ Kd8 1/2-1/2

[Event "Frauen Europameisterschaft"]
[Site "Dresden"]
[Date "2004.03.24"]
[Round "4.51"]
[White "Ozturk, K."]
[Black "Hafenstein, A."]
[Result "1-0"]
[WhiteElo "1957"]
[BlackElo "2051"]
[PlyCount "53"]
[EventDate "2004.03.20"]

1. e4 e6 2. d4 d5 3. exd5 exd5 4. Bd3 Nf6 5. h3 Bd6 6. Qf3 Be6 7. Ne2 c6 8. O-O
O-O 9. Bf4 Na6 10. c3 Nc7 11. Nd2 Rc8 12. Rfe1 c5 13. dxc5 Bxc5 14. Nb3 b6 15.
Nbd4 Qd7 16. Be5 Nfe8 17. Rad1 Bd6 18. Nf4 Bc5 19. Bb1 Bxd4 20. Rxd4 Na6 21.
Qd3 g6 22. Qxa6 f6 23. Qe2 fxe5 24. Qxe5 Bf5 25. Nxd5 Qg7 26. Bxf5 Rxf5 27.
Qe6+ 1-0

[Event "Frauen Europameisterschaft"]
[Site "Dresden"]
[Date "2004.03.24"]
[Round "4.52"]
[White "Roelli, C."]
[Black "Oney, F."]
[Result "0-1"]
[WhiteElo "2020"]
[BlackElo "1809"]
[PlyCount "110"]
[EventDate "2004.03.20"]

1. d4 d5 2. c4 c6 3. Nf3 Nf6 4. Nc3 e6 5. Bg5 Nbd7 6. e3 Qa5 7. Bxf6 Nxf6 8.
Nd2 Be7 9. Bd3 O-O 10. O-O Qc7 11. Rc1 Qb8 12. Nf3 b6 13. e4 dxe4 14. Nxe4 Bb7
15. Ne5 Qc7 16. f4 c5 17. d5 exd5 18. cxd5 Nxd5 19. Qh5 g6 20. Qh6 Bf6 21.
Nxf6+ Nxf6 22. Rce1 Rae8 23. Qh4 Qd6 24. Bb5 Qd4+ 25. Kh1 Re6 26. Bc4 Rxe5 27.
Bxf7+ Rxf7 28. Rxe5 Qxb2 29. Qg5 Kg7 30. Ree1 Ne4 31. Qh4 Qf6 32. Qg4 h5 33.
Qe2 Kh7 34. f5 Qh4 35. fxg6+ Kxg6 36. Kg1 Rxf1+ 37. Rxf1 Qg4 38. Qc4 Nf6 39.
Qd3+ Kg7 40. Qd2 Qd4+ 41. Qxd4 cxd4 42. Rd1 Bd5 43. a3 b5 44. Rxd4 a5 45. Kf2
Kf7 46. h3 Ke6 47. g4 hxg4 48. hxg4 Ke5 49. Ke3 Be6 50. g5 Nd5+ 51. Rxd5+ Kxd5
52. Kd3 Ke5 53. g6 Kf6 54. g7 Kxg7 55. a4 b4 0-1